| 000 | 00510nam a22001217a 4500 | ||
|---|---|---|---|
| 008 | 230619b |||||||| |||| 00| 0 eng d | ||
| 040 |
_aNational Science Library _cNational Science Library |
||
| 080 |
_a629.7.01/.02(082.2) _bL9 |
||
| 245 |
_aCommonwealth advisory aeronautical research council: _bTechnical Papers _cStructures co-ordinators meetings, Bangalore-India, April-May, 1969 |
||
| 260 |
_aBangalore: _bCommonwealth Advisory Aeronautical Research Council, _c1969 |
||
| 650 | _aScience | ||
| 942 |
_2udc _cREF |
||
| 999 |
_c44881 _d44881 |
||